书目信息 |
| 题名: |
画龙点睛 扬帆启航
|
|
| 作者: | 赖小民 著 | |
| 分册: | ||
| 出版信息: | 北京 中国金融出版社 2016 |
|
| 页数: | 16,382页 | |
| 开本: | 26cm | |
| 丛书名: | ||
| 单 册: | ||
| 中图分类: | F832.3 | |
| 科图分类: | ||
| 主题词: | 金融公司--转型经济--研究--中国 | |
| 电子资源: | ||
| ISBN: | 978-7-5049-8625-2 | |
| 000 | 00847nam0 2200229 450 | |
| 001 | 012001003418 | |
| 005 | 20140926114740.0 | |
| 010 | @a978-7-5049-8625-2@dCNY78.00 | |
| 100 | @a20170427d2016 em y0chiy50 ea | |
| 101 | 0 | @achi |
| 102 | @aCN@b110000 | |
| 105 | @aa z 000yy | |
| 106 | @ar | |
| 200 | 1 | @a画龙点睛 扬帆启航@9hua long dian jing yang fan qi hang@e中国华融H股上市纪实@f赖小民著 |
| 210 | @a北京@c中国金融出版社@d2016 | |
| 215 | @a16,382页@c图,照片@d26cm | |
| 330 | @a本书着眼于我国金融改革发展大局和国有金融企业改革创新转型的深化,结合中国华融创新发展实践,对探索金融资产管理公司商业化改革创新转型发展之路进行思考的理论结晶和实践总结。 | |
| 606 | 0 | @a金融公司@x转型经济@x研究@y中国 |
| 690 | @aF832.3@v5 | |
| 701 | 0 | @a赖小民@9lai xiao min@f(1962-)@4著 |
| 801 | 0 | @aCN@b上海新华@c20180901 |
| 905 | @b1159562-6@dF832.3@e182@f5 | |
| 画龙点睛 扬帆启航:中国华融H股上市纪实/赖小民著.-北京:中国金融出版社,2016 |
| 16,382页:图,照片;26cm |
| ISBN 978-7-5049-8625-2:CNY78.00 |
| 本书着眼于我国金融改革发展大局和国有金融企业改革创新转型的深化,结合中国华融创新发展实践,对探索金融资产管理公司商业化改革创新转型发展之路进行思考的理论结晶和实践总结。 |
| ● |
| 相关链接 |
|
|
|
|
正题名:画龙点睛 扬帆启航
索取号:F832.3/182
 
预约/预借
| 序号 | 登录号 | 条形码 | 馆藏地/架位号 | 状态 | 备注 |
| 1 | 1159562 | 211595629 | 第一样本阅览室/ [索取号:F832.3/182] | 在馆 | |
| 2 | 1159563 | 211595638 | 第一借阅区/ [索取号:F832.3/182] | 在馆 | |
| 3 | 1159564 | 211595647 | 第一借阅区/ [索取号:F832.3/182] | 在馆 | |
| 4 | 1159565 | 211595656 | 第一借阅区/ [索取号:F832.3/182] | 在馆 | |
| 5 | 1159566 | 211595665 | 密集书库-海洋学院/ [索取号:F832.3/182] | 在馆 |